| 000 | 00705nam a2200241 4500 | ||
|---|---|---|---|
| 001 | 76810 | ||
| 003 | BD-RjUL | ||
| 005 | 20211209082906.0 | ||
| 008 | 200121s1964 n ||||| |||| 001 0 eng d | ||
| 035 | _a(BD-RjUL)77034 | ||
| 040 |
_aBD-RjUL _beng _cBD-RjUL |
||
| 041 | _aeng | ||
| 082 |
_222 _a808.2 _bDRD 1964 |
||
| 100 | 1 | 0 |
_aDryden, John _9238002 |
| 245 | 1 | 0 |
_aDryden of Dramatick Poesie : an Essay / _cJohn Dryden; Robert Howard; James Thompson Boulton |
| 260 |
_aLondon : _boxford University , _c1964 |
||
| 300 |
_a190 p. ; _c18 cm |
||
| 504 | _aIncludes Index | ||
| 650 |
_aDrama _9238003 |
||
| 700 |
_aHoward, Robert _9239622 |
||
| 700 |
_aBoulton, James Thompson _9239623 |
||
| 942 |
_2ddc _cBK |
||
| 999 |
_c76810 _d76810 |
||